[Event "Nord-ch Senior"]
[Site "Calais"]
[Date "2015.11.22"]
[Round "1"]
[White "Weill, Serge"]
[Black "Lucas, Jean"]
[Result "1/2-1/2"]
[WhiteElo "1940"]
[BlackElo "1670"]
[PlyCount "132"]
[EventDate "2015.11.22"]
[EventType "tourn"]
[EventRounds "9"]
[EventCountry "FRA"]
[SourceTitle "EXT 2024"]
[Source "ChessBase"]
[SourceDate "2023.10.10"]
[SourceVersion "1"]
[SourceVersionDate "2023.10.10"]
[SourceQuality "1"]

1. e4 e5 2. Nf3 Nc6 3. Bb5 f5 4. d4 fxe4 5. Nxe5 Nxe5 6. dxe5 c6 7. Bc4 Qa5+ 8. Nc3 Qxe5 9. Bxg8 Rxg8 10. 0-0 d5 11. Re1 Bc5 12. Be3 Bxe3 13. Rxe3 Be6 14. f4 Qxf4 15. Qd4 Rf8 16. Nxe4 dxe4 17. Rxe4 Qf6 18. Qe3 0-0-0 19. Rxe6 Qxb2 20. Re1 Qb6 21. Qxb6 axb6 22. h3 Rf7 23. R1e2 Kc7 24. Kh2 Rd6 25. Re8 b5 26. g4 Rfd7 27. Kg3 Rd2 28. Kf3 Rxe2 29. Kxe2 Kd6 30. Rh8 h6 31. Rg8 Ke6 32. Rf8 Rf7 33. Rd8 Kf6 34. Kf3 Ke5+ 35. Ke3 c5 36. h4 Rc7 37. c3 b4 38. c4 b5 39. Re8+ Kd6 40. cxb5 Ra7 41. Rd8+ Kc7 42. Rg8 Kb6 43. Rb8+ Kc7 44. Rg8 Kd6 45. b6 Rb7 46. Kd3 Kc6 47. Kc4 Kxb6 48. Rc8 Ra7 49. Rxc5 Rxa2 50. Re5 Rg2 51. Re6+ Ka5 52. Rg6 h5 53. Rg5+ Ka4 54. gxh5 Rh2 55. Rg4 Rh3 56. Rxg7 Rxh4+ 57. Kd3 Rxh5 58. Kc2 Rh2+ 59. Kb1 Re2 60. Rg3 b3 61. Rg8 Re5 62. Kb2 Rb5 63. Rh8 Rb7 64. Rh4+ Rb4 65. Rh8 Rb7 66. Rh4+ Rb4 1/2-1/2

[Event "Lille Seniors op"]
[Site "Lille"]
[Date "2014.11.25"]
[Round "2"]
[White "Weill, Serge"]
[Black "Mahieu, Jacques"]
[Result "1-0"]
[WhiteElo "1923"]
[BlackElo "1601"]
[PlyCount "109"]
[EventDate "2014.11.24"]
[EventType "swiss"]
[EventRounds "7"]
[EventCountry "FRA"]
[SourceTitle "EXT 2016"]
[Source "ChessBase"]
[SourceDate "2015.10.08"]
[SourceVersion "1"]
[SourceVersionDate "2015.10.08"]
[SourceQuality "1"]

1. e4 e6 2. d4 d5 3. Nc3 Nc6 4. e5 Nge7 5. Nf3 Nf5 6. Bg5 Be7 7. Bxe7 Qxe7 8. a3 a6 9. g3 Bd7 10. Bg2 Na5 11. b4 Nc4 12. 0-0 0-0 13. Re1 c6 14. Na4 a5 15. c3 Rfb8 16. Bf1 b5 17. Bxc4 bxc4 18. Nc5 Be8 19. g4 Nh4 20. Nxh4 Qxh4 21. Qf3 Ra7 22. Reb1 a4 23. Kg2 Kh8 24. Qg3 Qxg3+ 25. hxg3 Rc8 26. g5 f6 27. gxf6 gxf6 28. exf6 Bg6 29. Re1 Bf5 30. f3 Rg8 31. g4 Rf7 32. Kf2 Bc2 33. Rxe6 Rg6 34. Rxc6 Rgxf6 35. Rxf6 Rxf6 36. Re1 Kg7 37. Re5 Bd1 38. Re3 h6 39. Kg3 Kf7 40. Nd7 Rd6 41. Ne5+ Kf6 42. Re1 Bc2 43. Re2 Bd1 44. Rd2 Bb3 45. f4 Kg7 46. f5 Kf6 47. Rh2 Kg7 48. Kf4 Bd1 49. g5 hxg5+ 50. Kxg5 Rb6 51. Nd7 Rd6 52. f6+ Kg8 53. Ne5 Re6 54. f7+ Kg7 55. Rf2 1-0

[Event "Montpellier op"]
[Site "Montpellier"]
[Date "2007.12.26"]
[Round "1"]
[White "Weill, Serge"]
[Black "Guillou, Gerard"]
[Result "1-0"]
[WhiteElo "2047"]
[BlackElo "1600"]
[PlyCount "73"]
[EventDate "2007.12.26"]
[EventType "swiss"]
[EventRounds "7"]
[EventCountry "FRA"]
[SourceTitle "CBM 122 Extra"]
[Source "ChessBase"]
[SourceDate "2008.03.04"]
[SourceVersion "1"]
[SourceVersionDate "2008.03.04"]
[SourceQuality "1"]

1. e4 e6 2. d4 d5 3. Nc3 c5 4. Nf3 Nc6 5. Bb5 Qb6 6. exd5 a6 7. Ba4 exd5 8. Nxd5 Qa5+ 9. c3 b5 10. Bc2 Bg4 11. dxc5 Qd8 12. b4 a5 13. 0-0 Nf6 14. Re1+ Be7 15. Nxf6+ gxf6 16. Be4 Qxd1 17. Bxc6+ Qd7 18. Nd4 axb4 19. cxb4 Kd8 20. Bxd7 Bxd7 21. a3 Re8 22. Bb2 Rc8 23. Rad1 Kc7 24. c6 Bxc6 25. Rc1 Kb7 26. Nxc6 Rxc6 27. Rxc6 Kxc6 28. Bxf6 Kd7 29. Bxe7 Rxe7 30. Rxe7+ Kxe7 31. Kf1 Kd6 32. Ke2 Kd5 33. g4 Kc4 34. Ke3 Kb3 35. Kd4 Kxa3 36. Kc5 Ka4 37. g5 1-0

[Event "FRA-chT2B 0506"]
[Site "France"]
[Date "2006.02.05"]
[Round "7.1"]
[White "Saiboulatov, Danial"]
[Black "Weill, Serge"]
[Result "1-0"]
[WhiteElo "2403"]
[BlackElo "2090"]
[PlyCount "65"]
[EventDate "2005.10.27"]
[EventType "team-tourn"]
[EventRounds "11"]
[EventCountry "FRA"]
[SourceTitle "EXT 2006"]
[Source "ChessBase"]
[SourceDate "2005.11.24"]
[SourceVersion "1"]
[SourceVersionDate "2005.11.24"]
[SourceQuality "1"]
[WhiteTeam "Arras"]
[BlackTeam "Lille"]
[WhiteTeamCountry "FRA"]
[BlackTeamCountry "FRA"]

1. e4 e5 2. Nf3 Nc6 3. Bb5 a6 4. Ba4 Nf6 5. 0-0 b5 6. Bb3 Bb7 7. Re1 Bc5 8. c3 d6 9. d3 Ng4 10. d4 Bb6 11. h3 Nf6 12. Bg5 h6 13. Bh4 Qe7 14. Na3 g5 15. Bg3 0-0-0 16. Nc2 Rdg8 17. Ne3 g4 18. hxg4 Nxg4 19. Nd5 Qf8 20. Nxb6+ cxb6 21. dxe5 Ngxe5 22. Bd5 Rg6 23. Nh4 Rg5 24. Nf5 Kc7 25. f4 Rxg3 26. Nxg3 Rg8 27. Nf5 Nd7 28. Qf3 Nf6 29. Rad1 Nxd5 30. exd5 Bc8 31. Qe4 Bxf5 32. Qxf5 Qg7 33. Rd2 1-0

[Event "Bethune op-A 25th"]
[Site "Bethune"]
[Date "2004.12.30"]
[Round "7"]
[White "Weill, Serge"]
[Black "Marville, Gregoire"]
[Result "1-0"]
[WhiteElo "2127"]
[BlackElo "1970"]
[PlyCount "73"]
[EventDate "2004.12.26"]
[EventType "swiss"]
[EventRounds "7"]
[EventCountry "FRA"]
[SourceTitle "CBM 104 Extra"]
[Source "ChessBase"]
[SourceDate "2005.03.01"]
[SourceVersion "1"]
[SourceVersionDate "2005.03.01"]
[SourceQuality "1"]

1. e4 c5 2. Nf3 Nc6 3. d4 cxd4 4. Nxd4 Nf6 5. Nc3 e5 6. Ndb5 d6 7. Bg5 a6 8. Na3 b5 9. Nd5 Be7 10. Bxf6 Bxf6 11. c3 Bg5 12. Nc2 0-0 13. h4 Be7 14. Nce3 Rb8 15. b4 a5 16. a3 Re8 17. Bd3 Bf8 18. Qe2 Na7 19. g4 Bd7 20. Qf3 Nc6 21. g5 axb4 22. axb4 Ra8 23. Rxa8 Qxa8 24. Rg1 Rd8 25. Qh5 Ne7 26. Rg3 Qa1+ 27. Kd2 Ng6 28. Ng4 Bxg4 29. Qxg4 Ra8 30. h5 Ne7 31. g6 hxg6 32. Nxe7+ Bxe7 33. hxg6 Qa2+ 34. Bc2 fxg6 35. Qxg6 Bf6 36. Qxf6 Qa7 37. Bb3+ 1-0

[Event "Bethune op-A 25th"]
[Site "Bethune"]
[Date "2004.12.27"]
[Round "3"]
[White "Weill, Serge"]
[Black "Vallet, Vincent"]
[Result "0-1"]
[WhiteElo "2127"]
[BlackElo "1929"]
[PlyCount "94"]
[EventDate "2004.12.26"]
[EventType "swiss"]
[EventRounds "7"]
[EventCountry "FRA"]
[SourceTitle "CBM 104 Extra"]
[Source "ChessBase"]
[SourceDate "2005.03.01"]
[SourceVersion "1"]
[SourceVersionDate "2005.03.01"]
[SourceQuality "1"]

1. e4 c5 2. Nf3 d6 3. c3 Nf6 4. Bd3 Nc6 5. Bc2 e5 6. d3 Be7 7. 0-0 0-0 8. Re1 Bg4 9. Nbd2 Qc7 10. Nf1 Rad8 11. Ne3 Bh5 12. Bb3 Kh8 13. h3 Ne8 14. g4 Bg6 15. Kg2 Qd7 16. h4 h5 17. Ng5 Nf6 18. f3 Na5 19. Bd5 Nxd5 20. Nxd5 Nc6 21. Bd2 Bf6 22. c4 Nd4 23. Ne3 b5 24. Nf5 b4 25. Ng3 hxg4 26. fxg4 Ne6 27. Nf5 Nf4+ 28. Bxf4 exf4 29. Qd2 Rfe8 30. Qxf4 Bxb2 31. Rad1 Be5 32. Qf3 Qa4 33. Re2 Qxd1 34. h5 Bxf5 35. Nxf7+ Kg8 36. Nxd8 Rxd8 37. exf5 Kf8 38. g5 Qa1 39. f6 gxf6 40. h6 Qd4 41. Re4 Qc3 42. g6 Qd2+ 43. Kf1 Qc1+ 44. Re1 Qf4 45. g7+ Kf7 46. Qxf4 Bxf4 47. Re7+ Kg8 0-1

[Event "Bethune op-A 25th"]
[Site "Bethune"]
[Date "2004.12.26"]
[Round "1"]
[White "Weill, Serge"]
[Black "Mirzoev, Azer"]
[Result "0-1"]
[WhiteElo "2127"]
[BlackElo "2513"]
[PlyCount "86"]
[EventDate "2004.12.26"]
[EventType "swiss"]
[EventRounds "7"]
[EventCountry "FRA"]
[SourceTitle "CBM 104 Extra"]
[Source "ChessBase"]
[SourceDate "2005.03.01"]
[SourceVersion "1"]
[SourceVersionDate "2005.03.01"]
[SourceQuality "1"]

1. e4 c5 2. c4 Nf6 3. Nc3 Nc6 4. g3 d6 5. Bg2 g6 6. Nge2 Bg7 7. d3 0-0 8. 0-0 a6 9. b3 Rb8 10. Bb2 b5 11. Nd5 Nxd5 12. Bxg7 Ne3 13. Qc1 Nxf1 14. Bxf8 Nxg3 15. hxg3 Qxf8 16. Qc3 Qg7 17. f4 Qxc3 18. Nxc3 bxc4 19. dxc4 Nd4 20. Kf2 Bb7 21. Re1 e5 22. fxe5 dxe5 23. Na4 Rc8 24. Nb6 Rc6 25. Nd5 Kg7 26. Rc1 h5 27. Bh3 Rd6 28. Ke3 a5 29. g4 Bc8 30. Rg1 Ra6 31. Nc7 Ra7 32. Ne8+ Kf8 33. Nf6 a4 34. gxh5 Bxh3 35. h6 Ra6 36. h7 Kg7 37. Ne8+ Kh8 38. Rh1 axb3 39. axb3 Bg4 40. Rf1 f5 41. Rh1 f4+ 42. Kd3 Be2+ 43. Kc3 Ra2 0-1

[Event "Montpellier op-A"]
[Site "Montpellier"]
[Date "2001.??.??"]
[Round "1.10"]
[White "Bricard, Emmanuel"]
[Black "Weill, Serge"]
[Result "1-0"]
[WhiteElo "2445"]
[BlackElo "2120"]
[PlyCount "47"]
[EventDate "2001.??.??"]
[EventType "swiss"]
[EventRounds "7"]
[EventCountry "FRA"]
[SourceTitle "EXT 2003"]
[Source "ChessBase"]
[SourceDate "2002.11.25"]
[SourceVersion "1"]
[SourceVersionDate "2002.11.25"]
[SourceQuality "1"]

1. e4 e5 2. Nc3 Nc6 3. Bc4 Nf6 4. d3 Be7 5. f4 0-0 6. Nf3 Bc5 7. fxe5 Ng4 8. d4 Nxd4 9. Nxd4 Qh4+ 10. g3 Qh3 11. Bf1 Qh5 12. Bf4 d6 13. exd6 Re8 14. Bg2 Qg6 15. Qd2 Ne5 16. 0-0-0 Bg4 17. dxc7 Qb6 18. Nd5 Qa6 19. Nb3 Nc4 20. Qc3 Bf8 21. Rd4 b5 22. Kb1 Re6 23. Nb4 Qa4 24. Rd8 1-0

[Event "Bethune op 21st"]
[Site "Bethune"]
[Date "2000.??.??"]
[Round "7"]
[White "Chalmeton, Guillaume"]
[Black "Weill, Serge"]
[Result "1-0"]
[WhiteElo "2120"]
[BlackElo "2000"]
[PlyCount "77"]
[EventDate "2000.12.26"]
[EventType "swiss"]
[EventRounds "7"]
[EventCountry "FRA"]
[SourceTitle "EXT 2003"]
[Source "ChessBase"]
[SourceDate "2002.11.25"]
[SourceVersion "1"]
[SourceVersionDate "2002.11.25"]
[SourceQuality "1"]

1. e4 e5 2. Nf3 Nc6 3. Bc4 Nf6 4. d3 Bc5 5. 0-0 d6 6. c3 Bb6 7. Bb3 Qe7 8. Nbd2 Be6 9. Nc4 Nd8 10. Ba4+ c6 11. Nxb6 axb6 12. a3 Bg4 13. Bc2 0-0 14. h3 Bh5 15. Kh2 Ne6 16. Rg1 Rfd8 17. g4 Bg6 18. Nh4 d5 19. Nf5 Qc7 20. Qf3 dxe4 21. dxe4 Nf4 22. Be3 c5 23. Rad1 c4 24. Bc1 Kf8 25. Ng3 b5 26. Bxf4 exf4 27. Ne2 Qe5 28. Rd4 Bxe4 29. Rxe4 Nxe4 30. Bxe4 Rd2 31. Bxb7 Rad8 32. Nd4 Rxb2 33. Rd1 Qc7 34. Kg2 g5 35. Bd5 Qa7 36. Nc6 Qc7 37. Nxd8 Qxd8 38. Bxf7 Rxf2+ 39. Kxf2 1-0

[Event "Montpellier op-B"]
[Site "Montpellier"]
[Date "1997.??.??"]
[Round "?"]
[White "Cesbron, Guy"]
[Black "Weill, Serge"]
[Result "1-0"]
[WhiteElo "2125"]
[BlackElo "1930"]
[PlyCount "77"]
[EventDate "1997.??.??"]
[EventType "swiss"]
[EventRounds "9"]
[EventCountry "FRA"]
[SourceTitle "EXT 2003"]
[Source "ChessBase"]
[SourceDate "2002.11.25"]
[SourceVersion "1"]
[SourceVersionDate "2002.11.25"]
[SourceQuality "1"]

1. e4 e5 2. Nf3 Nc6 3. Nc3 Nf6 4. Bb5 Bc5 5. 0-0 0-0 6. Bxc6 dxc6 7. Nxe5 Re8 8. Nd3 Bd4 9. e5 Ng4 10. Qf3 Qh4 11. h3 Nxe5 12. Nxe5 Rxe5 13. d3 Rf5 14. Qe2 Bd7 15. Be3 Re8 16. Ne4 Bxe3 17. fxe3 Rfe5 18. Rf3 f5 19. Nd2 b5 20. Qf2 Qb4 21. Rb1 Qa4 22. c3 Qxa2 23. b3 Qc2 24. Ra1 Ra8 25. Rf1 Qxd3 26. e4 Qd6 27. exf5 Rf8 28. b4 Rexf5 29. Qe3 Rxf3 30. Nxf3 Qg3 31. Qf2 Qxf2+ 32. Kxf2 c5 33. Ra1 cxb4 34. cxb4 Ra8 35. Ne5 Be8 36. Rc1 Rc8 37. Ra1 c5 38. bxc5 Rxc5 39. Nd3 1-0